|
|
|
|
| LEADER |
00000nam a2200000 a 4500 |
| 001 |
UCY9399 |
| 003 |
CL-VaPUC |
| 008 |
950717e19750000SP |||||||||||||||||spa|d |
| 082 |
0 |
4 |
|a 796
|b ELG
|2 21
|
| 245 |
1 |
3 |
|a El gran libro de los deportes
|
| 300 |
|
|
|a 320 p
|
| 942 |
|
|
|c BK
|
| 945 |
|
|
|d 19950717 00:00:00
|a mfernand
|
| 260 |
|
|
|a Madrid
|b Alce
|c 1975
|
| 650 |
|
7 |
|a DEPORTE
|2 CL-VaPUC
|9 341524
|
| 650 |
|
7 |
|a DEPORTES ACUATICOS
|2 CL-VaPUC
|9 262007
|
| 650 |
|
0 |
|a Atletismo
|9 307422
|
| 650 |
|
7 |
|a GIMNASIA
|2 CL-VaPUC
|9 307275
|
| 650 |
|
7 |
|a JUEGOS DE PELOTA
|2 CL-VaPUC
|9 340284
|
| 650 |
|
7 |
|a DEPORTES ANIMALES
|2 CL-VaPUC
|9 341525
|
| 650 |
|
7 |
|a DEPORTES AEREOS
|2 CL-VaPUC
|9 341526
|
| 650 |
|
7 |
|a DEPORTES DE COMBATE
|2 CL-VaPUC
|9 341527
|
| 650 |
|
7 |
|a DEPORTES DE INVIERNO
|2 CL-VaPUC
|9 341528
|
| 650 |
|
0 |
|a Natación
|9 307454
|
| 650 |
|
7 |
|a DEPORTES ECUESTRES
|2 CL-VaPUC
|9 341529
|
| 650 |
|
7 |
|a DEPORTES MECANICOS
|2 CL-VaPUC
|9 341530
|
| 650 |
|
7 |
|a REGLAMENTOS
|2 CL-VaPUC
|9 259254
|
| 583 |
|
|
|a last modification
|c 19950717 00:00:00
|k Rodrigo Vera
|
| 999 |
|
|
|c 236497
|d 236495
|
| 952 |
|
|
|0 0
|1 0
|4 0
|6 796_000000000000000_ELG_1975
|7 0
|8 X
|9 244622
|a BIBEDU
|b BIBEDU
|d 2019-11-18
|i 1533576
|o 796 ELG 1975
|p 1533576
|r 2023-01-13
|w 2019-11-18
|y BK_X
|k EDU
|